Banco de Chile: Cien años de Historia

Saved in:
Bibliographic Details
Main Author: Calderón Squadritto, Alfonso (Author)
Corporate Author: Banco de Chile (Author)
Format: Book
Language:Spanish
Published: Santiago Paula Fontaine Editores S. A. 1993
Edition:1a. ed
Subjects:
Tags: Add Tag
No Tags, Be the first to tag this record!

MARC

LEADER 00000nam a2200000 a 4500
001 UCJ6609
003 CL-VaPUC
008 070124e19931018CL |||||||||||||||||spa|d
082 0 4 |a 983  |b BAN  |2 21 
100 0 |a Calderón Squadritto, Alfonso  |e author  |9 461713 
110 2 |a Banco de Chile  |e author  |9 513548 
245 1 0 |a Banco de Chile: Cien años de Historia 
250 |a 1a. ed 
300 |a 135 p 
942 |c BK 
945 |d 20070124 00:00:00  |a rinostro 
260 |a Santiago  |b Paula Fontaine Editores S. A.  |c 1993 
500 |a Numerosas y excelentes fotografías.- Se ubica en área de libros de formato mayor 
650 0 |a Bancos  |9 254963 
650 0 |a Moneda  |9 342365 
650 0 |a Iconografía   |9 267998 
650 0 |a Edificios públicos   |9 269003 
650 0 |a Historia local  |9 266584 
650 0 |a Numismática  |9 318332 
583 |a last modification  |c 20170518 01:25:33  |k Rodrigo Vera 
999 |c 322711  |d 322709 
952 |0 0  |1 0  |4 0  |6 983_000000000000000_BAN_1993  |7 0  |8 X  |9 401773  |a FDOBUD  |b FDOBUD  |d 2019-11-22  |i 1050362  |o 983 BAN 1993  |p 1050362  |r 2019-11-22  |w 2019-11-22  |y BK_X  |k BUD